Mathematical Elements for Computer Graphics ( DEPARTMENTAL ) (Record no. 2184)
[ view plain ]
| 000 -LEADER | |
|---|---|
| fixed length control field | 00478nam a2200181Ia 4500 |
| 008 - FIXED-LENGTH DATA ELEMENTS--GENERAL INFORMATION | |
| fixed length control field | 221030s9999 xx 000 0 und d |
| 020 ## - INTERNATIONAL STANDARD BOOK NUMBER | |
| ISBN | 0070486778 |
| 041 ## - LANGUAGE CODE | |
| Language code of text/sound track or separate title | |
| 082 ## - DEWEY DECIMAL CLASSIFICATION NUMBER | |
| Classification number | 105.23 |
| Item number | Rog |
| 100 ## - MAIN ENTRY--AUTHOR NAME | |
| Personal name | D. F. Rogers |
| 245 #0 - TITLE STATEMENT | |
| Title | Mathematical Elements for Computer Graphics ( DEPARTMENTAL ) |
| Statement of responsibility, etc | by D. F. Rogers, J. A. Adams |
| 250 ## - EDITION STATEMENT | |
| Edition statement | 2nd |
| 260 ## - PUBLICATION, DISTRIBUTION, ETC. (IMPRINT) | |
| Name of publisher | TMH |
| Place of publication | New Delhi |
| Year of publication | 2004 |
| 300 ## - PHYSICAL DESCRIPTION | |
| Number of Pages | 611 |
| 650 ## - SUBJECT ADDED ENTRY--TOPICAL TERM | |
| Topical Term | CSE Departmental |
| 700 ## - ADDED ENTRY--PERSONAL NAME | |
| Personal name | J. A. Adams |
| 942 ## - ADDED ENTRY ELEMENTS (KOHA) | |
| Koha item type | Books |
| Accession Number | Cost, normal purchase price | Full call number | Price effective from | Koha item type | Withdrawn / writtenoff status | Materials specified (bound volume or other part) | Damaged status | Not for loan | Permanent Location | Current Location | Shelving location | Date acquired | Lost/ Missing status | department |
|---|---|---|---|---|---|---|---|---|---|---|---|---|---|---|
| BE 7367 | 250.00 | 105.23 Rog | 10/30/2022 | Books | MIET Library, Jammu | MIET Library, Jammu | BL-Departmental, FL-1, CUP-37, SH-1, R-1 | 11/10/2005 | BE |